000 02152ngm a2200529Ia 4500
001 ocm51110227
003 OCoLC
005 20251021160342.0
007 vd cvaizu
008 021203s1986 xxu060 j vleng d
028 4 2 _aDVD BC 2002
_bTelevision Representative
035 _a583862
035 _a(OCoLC)51110227
040 _aIHI
_cIHI
_dDAD
_dOCoLC
_erda
092 _aholiday movie
_bthe best christmas pageant ever
245 0 4 _aThe best Christmas pageant ever
_h[videorecording] /
260 _a[United States] :
_bTelevision Representative,
_cc1986.
264 _a[United States] :
_bTelevision Representative,
_cc1986.
300 _a1 videodisc (ca. 60 min.) :
_bsd., col. ;
_c4 3/4 in.
500 _aDVD release of television program.
500 _aBased on the novel by Barbara Robinson.
508 _aDirector of photography, Edward R. Brown ; film editor, Andy Blumenthal ; music, John Elizalde ; executive producer, Merrill H. Karpf.
511 1 _aStarring: Loretta Swit, Jackson Davies, Anthony Holland, David Alexander, Fairuza Balk, Ocean Hellman, Janet Wright.
520 _aThe six Herdman kids lie, steal, smoke cigars (even the girls) and then become involved in the community Christmas pageant.
521 _aNot rated.
538 _aDVD.
540 _aFor private home use only.
650 0 _aChristmas plays
_vJuvenile literature.
_96496943
655 7 _aChristmas plays
_2lcgft.
_95987189
655 7 _aChildren's television programs.
_2lcgft.
700 1 _aRobinson, Barbara,
_d1927-2013.
_96051396
700 1 _aSchaefer, George,
_d1920-1997.
_96414438
700 1 _aSwit, Loretta.
_924142
700 1 _aDavies, Jackson.
_96483094
700 1 _aHolland, Anthony.
_96554043
700 1 _aAlexander, David.
_928806
700 1 _aBalk, Fairuza.
_963320
700 1 _aHellman, Ocean.
_96554044
700 1 _aWright, Janet,
_d1945-2016.
_96554045
710 2 _aTelevision Representative, Inc.
_96554046
710 2 _aCromwold Productions.
_96554047
710 2 _aSchaefer/Karpf Productions.
_96554048
942 _2ddc
_cDVD
999 _c412722
_d412722